| 000 | 00812aam a2200277 4500 | ||
|---|---|---|---|
| 005 | 20170117144941.0 | ||
| 008 | 150417b xxu||||| |||| 00| 0 spa d | ||
| 041 | _aspa | ||
| 082 | _a155.2 P974p | ||
| 245 | _aPsicología para todos: guía completa para el crecimiento personal | ||
| 260 |
_aEspaña _bOcéano _c2008 |
||
| 300 | _a962 páginas | ||
| 500 | _aTomo IV | ||
| 650 |
_aPSICOLOGÍA INDIVIDUAL _936529 |
||
| 650 |
_aTRANSTORNOS _918581 |
||
| 650 |
_aSOMATIZACIONES _936530 |
||
| 650 |
_aTERAPIAS _98146 |
||
| 650 |
_aENFERMEDADES _91305 |
||
| 650 |
_aMEDICINA PSICOSOMÁTICA _936531 |
||
| 650 |
_aSALUD _9396 |
||
| 650 |
_aTRANSTORNOS MENTALES _925742 |
||
| 650 |
_aORÍGENES DE PSICOLOGÍA _936532 |
||
| 650 |
_aCONDUCTA _94917 |
||
| 650 |
_aMODIFICACIÓN TERAPÉUTICA _936533 |
||
| 942 | _cBK | ||
| 999 |
_c4753 _d4753 |
||